<The> Review of Economic Studies journal of the Society for Economic Analysis Limited

Enregistré dans:
Détails bibliographiques
Format: Publication en série
Langue:anglais
Publié: London Longman 1988
Tags: Ajouter un tag
Pas de tags, Soyez le premier à ajouter un tag!

MARC

LEADER 00000nas2a2200000 4500
001 s030821
005 20250730114141.1
041 0 |a eng 
044 |a GB 
245 1 0 |a <The> Review of Economic Studies  |b journal of the Society for Economic Analysis Limited 
264 1 |a London  |b Longman  |c 1988 
300 |a 1 zv. 
773 0 |w eu_un_cat*s121088